|
|
|
|
| LEADER |
00000naa a2200000 i 4500 |
| 001 |
publ151 |
| 005 |
20170403193113.0 |
| 008 |
170403s2007 hu o 000 zxx d |
| 040 |
|
|
|a BGE Publikációtár Repozitórium
|b hun
|
| 100 |
1 |
|
|a Hámori Antal
|
| 245 |
1 |
0 |
|a Felszolgálási díj a magyar jogban
|c Hámori Antal
|h [elektronikus dokumentum]
|
| 260 |
|
|
|a Budapesti Gazdasági Főiskola
|b Budapest
|c 2007
|
| 300 |
|
|
|a 304-136
|
| 490 |
0 |
|
|a Tudományos Évkönyv 2006: Stratégiák 2007 és 2013 között
|
| 650 |
|
4 |
|a állam- és jogtudományok
|
| 695 |
|
|
|a Magyar jogi szabályozás
|
| 695 |
|
|
|a Felszolgálási díj
|
| 856 |
4 |
0 |
|u https://publikaciotar.uni-bge.hu/id/eprint/151/1/hamori_felszolgalasi%20dij.pdf
|z Dokumentum-elérés
|